00646nam a2200157 4500008004100000020001500041050002100056100003600077245020400113260003700317300003300354650002000387650003200407700002800439700002100467151007b xxu||||| |||| 00| 0 eng d a0517558505 aUF 500 .F75 1985 aFriedman, Col. Richard S.d1985 aAdvanced Technology Warfare:bA detailed study of the latest weapons and techniques for warfare today and into the 21st Century/cCol. Richard S. Friedman, Lt. Col. David Miller and Doug Richardson: aNew York;bHarmony Books,c1985. a208p.: ill.bIncludes Index, aWeapons Systems aCommand and Control Systems aMiller, Lt. Col. David  aRichardson, Doug